| 000 | 00969nam a22002295i 4500 | ||
|---|---|---|---|
| 001 | 157146 | ||
| 003 | ES-MaACL | ||
| 005 | 20250813081644.0 | ||
| 008 | 940202s1882 sp |||| | spa d | ||
| 040 |
_aAS _bspa |
||
| 100 | 1 |
_aLarramendi, Manuel de, _d1690-1766 _970303 |
|
| 245 | 1 | 0 |
_aCorografía ó descripción general de la muy noble y muy leal provincia de Guipúzcoa _b: obra inédita / _cpor el R.P. Manuel de Larramendi. |
| 260 |
_aBarcelona : _b[s.n.], _c1882 ( _fImprenta de la viuda e hijos de J. Subirana) |
||
| 300 |
_a298 p. ; _c19 cm. |
||
| 490 | 1 |
_aLa Verdadera Ciencia Española ; _v19 |
|
| 530 | _aDisponible en formato digital. | ||
| 651 | 4 |
_aGuipúzcoa- _xDescripción. _98811 |
|
| 830 | 0 | 3 |
_aLa verdadera ciencia española: biblioteca económica _v19 _9188044 |
| 852 |
_aES-MaACL _jD-3482 _z-- Enc. hol. |
||
| 856 |
_uhttp://bdh-rd.bne.es/viewer.vm?id=0000060535&page=1 _zBiblioteca Digital Hispánica |
||
| 999 |
_c157146 _d157146 |
||